| 000 | 01026nam a2200229Ia 4500 | ||
|---|---|---|---|
| 001 | 18298 | ||
| 005 | 20260420155719.0 | ||
| 008 | 260306s9999||||xx |||||||||||||| ||und|| | ||
| 041 | _aESP | ||
| 082 |
_a658.402 _bR71 2017 |
||
| 100 |
_aRobbins, Stephen P. _eAUT |
||
| 245 | 0 | _aComportamiento organizacional | |
| 260 | _c2017 | ||
| 300 |
_a000 páginas : _c00 cm. |
||
| 650 | _aGEN | ||
| 654 | _aCAN | ||
| 856 |
_uhttps://itmsp.museknowledge.com/UCSP?url=https://www.ebooks7-24.com:443/?il=4915&pg=1 _zVersión digital |
||
| 856 |
_uhttps://0u20vx80g-y-https-ebookcentral-proquest-com.itmsp.museknowledge.com/lib/catolicasp/home.action _zVéase además: Base de datos Ebook7-24 |
||
| 856 |
_uhttps://0u20fx8hg-y-https-research-ebsco-com.itmsp.museknowledge.com/c/qxo6us/search _zVéase además: Base de datos EBSCOhost |
||
| 856 |
_uhttps://0u20vx80g-y-https-ebookcentral-proquest-com.itmsp.museknowledge.com/lib/catolicasp/home.action _zVéase además: Base de datos ProQuest Ebook Central |
||
| 942 |
_cLIB _dJUS _fJUS _2ddc |
||
| 999 |
_c18298 _d18298 |
||